000 00683nam a2200289Ia 4500
005 20260324130546.0
008 008 260324s9999 xx 000 0 eng d
020 _a9781351299480
037 _aEBOOK
040 _aCRL
040 _beng
040 _cCRL
041 _2eng
041 _aeng
084 _qCRL
100 _aJames T. Bennett; Bruce E. Kaufman
_91182229
245 0 _aWhat Do Unions Do?
245 2 _bA Twenty-year Perspective
260 _bTaylor and Francis
260 _c2007
365 _a
365 _b230
856 _uhttp://www.taylorfrancis.com/books/9781351299480
942 _cEBOOK
999 _c1778506
_d1778506